000 00300nam a22001337a 4500
008 170622b xxu||||| |||| 00| 0 eng d
020 _a0202304620
041 _aeng
080 _a32
100 _a20
101 _aSHP
245 _aSOVIET CINEMATOGRAPHY 1918-1991
_cSHLAPENTOK, D
942 _2udc
_cBK
999 _c18572
_d18572